| 000 | 01619nam a2200337 a 4500 | ||
|---|---|---|---|
| 001 | ebr10680980 | ||
| 003 | CaPaEBR | ||
| 006 | m u | ||
| 007 | cr cn||||||||| | ||
| 008 | 090707s2009 nyu sb 001 0 eng d | ||
| 010 | _z 2009027739 | ||
| 020 | _z9781607411086 (hardcover) | ||
| 020 | _z9781617285387 (e-book) | ||
| 040 |
_aCaPaEBR _cCaPaEBR |
||
| 035 | _a(OCoLC)662453231 | ||
| 043 | _an-us--- | ||
| 050 | 1 | 4 |
_aRA412.3 _b.M4266 2009eb |
| 082 | 0 | 4 |
_a368.4/2600973 _222 |
| 245 | 0 | 0 |
_aMedicare _h[electronic resource] : _ba primer / _cAlice R. Williamson, editor. |
| 260 |
_aHauppauge, N.Y. : _bNova Science Publishers, _cc2009. |
||
| 300 | _axi, 114 p. | ||
| 490 | 0 | _aHealth care issues, costs and access series | |
| 504 | _aIncludes bibliographical references and index. | ||
| 505 | 0 | _aThe impact of Medicare's payment rates on the volume of services provided by skilled nursing facilities / Congressional Budget Office -- Factors underlying the growth in Medicare's spending for physician's services / Congressional Budget Office -- Improving Medicare efficiency and value / Medicare Payment Advisory Commission -- Medicare : a primer / Jennifer O'Sullivan. | |
| 533 |
_aElectronic reproduction. _bPalo Alto, Calif. : _cebrary, _d2013. _nAvailable via World Wide Web. _nAccess may be limited to ebrary affiliated libraries. |
||
| 650 | 0 | _aMedicare. | |
| 655 | 7 |
_aElectronic books. _2local |
|
| 700 | 1 | _aWilliamson, Alice R. | |
| 710 | 2 | _aebrary, Inc. | |
| 856 | 4 | 0 |
_uhttp://site.ebrary.com/lib/rucke/Doc?id=10680980 _zAn electronic book accessible through the World Wide Web; click to view |
| 999 |
_c157005 _d157005 |
||